Conference addresses major issues relating to global poverty.

Výťah z referátov na medzinárodnej konferencii "Prekonanie chudoby je svetovou prioritou", usporiadanej 11.-13. januára vo Washingtone. Koordinácia medzinárodného úsilia v boji proti chudobe, väzby chudoby a životného prostredia, decentralizácia a posilnenie miestnej správy, štruktúrne úpravy hospod...

Ausführliche Beschreibung

Gespeichert in:
Bibliographische Detailangaben
1. Verfasser: Cheney, D.M
Format: Buchkapitel
Sprache:Englisch
Schlagworte:
Tags: Tag hinzufügen
Keine Tags, Fügen Sie das erste Tag hinzu!

MARC

LEADER 00000naa a2200000 4500
001 r012503
005 20220826093642.7
041 0 |a eng 
044 |a US 
245 1 0 |a Conference addresses major issues relating to global poverty.  |c D.M. Cheney 
520 |a Výťah z referátov na medzinárodnej konferencii "Prekonanie chudoby je svetovou prioritou", usporiadanej 11.-13. januára vo Washingtone. Koordinácia medzinárodného úsilia v boji proti chudobe, väzby chudoby a životného prostredia, decentralizácia a posilnenie miestnej správy, štruktúrne úpravy hospodárstva a zníženie chudoby, úloha nevládnych organizácií, aktualizácia záverov zo svetovej konferencie o životnom prostredí a rozvoji (UNCED). 
610 2 0 |a chudoba 
610 2 0 |a svet 
610 2 0 |a prostredie životné 
610 2 0 |a zmeny štruktúrne 
610 2 0 |a správa miestna 
610 2 0 |a konferencie 
610 2 0 |a Washington 
610 2 0 |a 1993 
100 1 |a Cheney, D.M.